Environmentálne aspekty účtovníctva
Vymedzenie a charakteristika environmentálneho účtovníctva. Národné environmentálne účtovníctvo. Finančné účtovníctvo rozšírené o environmentálne aspekty. Environmentálne manažérske účtovníctvo. Dôvody, prečo majú byť environmentálne aspekty zahrnuté do účtovníctva podnikov.
Guardado en:
| Autor principal: | |
|---|---|
| Otros Autores: | |
| Formato: | Capítulo de libro |
| Lenguaje: | eslovaco |
| Materias: | |
| Etiquetas: |
Sin Etiquetas, Sea el primero en etiquetar este registro!
|
MARC
| LEADER | 00000nla$a2200000$$$4500 | ||
|---|---|---|---|
| 001 | 0114237 | ||
| 005 | 20240502072255.1 | ||
| 041 | 0 | |a slo | |
| 044 | |a SK | ||
| 245 | 1 | 0 | |a Environmentálne aspekty účtovníctva |c Veronika Dubielová, Katarína Zeleníková |
| 520 | |a Vymedzenie a charakteristika environmentálneho účtovníctva. Národné environmentálne účtovníctvo. Finančné účtovníctvo rozšírené o environmentálne aspekty. Environmentálne manažérske účtovníctvo. Dôvody, prečo majú byť environmentálne aspekty zahrnuté do účtovníctva podnikov. | ||
| 610 | 2 | 0 | |a účtovníctvo finančné |
| 610 | 2 | 0 | |a účtovníctvo manažérske |
| 610 | 2 | 0 | |a ochrana prostredia životného |
| 610 | 2 | 0 | |a zdroje prírodné |
| 610 | 2 | 0 | |a environmentalistika |
| 100 | 1 | |a Dubielová, Veronika | |
| 700 | 1 | |a Zeleníková, Katarína | |